| 000 | 00000nam##2200000za#4500 |
| 001 | 9.604812 |
| 003 | CaOODSP |
| 005 | 20210624211810 |
| 007 | cr ||||||||||| |
| 008 | 150406|1998||||xxc|||||o f|0| 0 fre|d |
| 040 | |aCaOODSP|bfre |
| 043 | |an-cn--- |
| 086 | 1 |aFo29-47/4-1998F-PDF |
| 110 | 1 |aCanada.|bRessources naturelles Canada. |bService canadien des forêts. |
| 245 | 13|aLe charançon du pin blanc, Pissodes Strobi : |h[ressource électronique]|bfacteurs de risque, surveillance et gestion / |c[par] R.I. Alfaro. |
| 260 | |aVictoria - Colombie Britannique : |bRessources naturelles Canada. |c1998. |
| 300 | |a4p.|bfigure, ill. |
| 490 | 1 |aNotes de transfert technologique|vN° 4, octobre 1998 |
| 500 | |aLe n° de catalogue et l'ISSN de l'édition imprimée apparaissent dans cette version électronique. |
| 590 | |a12-40-Supp|b2012-10-23 |
| 720 | 1 |aAlfaro, R. I. |
| 775 | 08|tWhite pine weevil, Pissodes Strobi : |w(CaOODSP)9.575273 |
| 830 | #0|aNotes de transfert technologique ;|vN° 4, octobre 1998|w(CaOODSP)9.501177 |
| 856 | 40|ahttp://publications.gc.ca|qPDF|s107 Ko|uhttps://publications.gc.ca/collections/collection_2012/rncan-nrcan/Fo29-47-4-1998-fra.pdf|yN° 4, octobre 1998 |